000 00747nas a2200253 454500
001 39812
005 20260407193510.0
008 260407s1996####ag###########|||spa#d
003 AR-UNSa-BCEJYS
040 _aAR-UNSa-BCEJYS
_bspa
_cAR-UNSa-BCEJYS
080 _a343.2
_xDerecho penal
245 1 0 _aSuplemento La Ley Penal y Procesal Penal
022 _a2250-4346
264 1 _aBuenos Aires :
_bLa Ley
_c1996
310 _aFrecuencia: Irregular
041 _aspa
942 _cSER
590 _aniveau_biblio:s niveau_hierar:1
100 1 _aAlmeyra, Miguel A.
650 _aDerecho penal
650 _aJURISPRUDENCIA
650 _aDELITOS
856 4 1 _uhttps://biblioeco.unsa.edu.ar/pmb/images/revistas/R20414.jpg
_yImagen de portada
_qimage/jpeg
999 _c8857
_d8857